| 000 | 01265cam a2200289 4500 | ||
|---|---|---|---|
| 001 | ABS67721 | ||
| 008 | 040504n2004 000 0 eng u | ||
| 035 | _a(Sirsi) u126082 | ||
| 245 | _aSpecial report: ports, airports and freight terminals | ||
| 260 | _c2004 | ||
| 490 |
_aProperty Week _v69(15) 8 April 2004, 61-70(6) |
||
| 520 | _aThe first article "Berth control" reports how developers are hoping to get the go-ahead on four schemes to bring extra capacity to Britain's ports. "Check-in time" reveals that the airport hotel market is busy with development and that volatile demand at secondary locations is the only drawback. The final article "Mixed signals" highlights that the Strategic Rail Authority's new policy stresses the importance of rail frieght, but developers remain sceptical about whether the planning system will give their schemes the go-ahead. Graphs. | ||
| 590 | _aABS | ||
| 590 | _aABS | ||
| 650 | _aPORTS | ||
| 650 | _aAIRPORTS | ||
| 650 | _aFREIGHT TERMINALS | ||
| 650 | _aFREIGHT | ||
| 650 | _aPLANNING SYSTEM | ||
| 650 | _aDEVELOPERS | ||
| 650 | _aAIRPORT HOTELS | ||
| 650 | _aHOTEL MARKET | ||
| 650 | _aSECONDARY MARKET | ||
| 650 | _aINDUSTRIAL MARKET | ||
| 690 | _aCOMMERCIAL PROPERTY-MARKET | ||
| 942 | _n0 | ||
| 999 |
_c117280 _d117280 |
||